La Responsabilidad penal en la administración pública : una imperfección normativa / una imperfección normativa /
ISBN:
9788461376001
Descripción Física:
286 pàgines ; 25 cm
Materias:
Administració pública -- Espanya -- Congressos
; Responsabilitat penal -- Espanya -- Congressos
; Espanya
Idioma:
Español
MARC
| LEADER | 00000cam a2200000 a 4500 | ||
|---|---|---|---|
| 001 | 26317 | ||
| 005 | 20260324181131.0 | ||
| 008 | 100308s2009 spc|||| ||||l1|0 0 spa c | ||
| 017 | |a DL B. 1741-2010 |b Biblioteca de Catalunya | ||
| 020 | |a 9788461376001 | ||
| 080 | |a Bib-844 | ||
| 090 | |a KKT4514 |b .A67 2010 | ||
| 245 | 0 | 3 | |a La Responsabilidad penal en la administración pública : |b una imperfección normativa / |c coordinadores: Joaquín Ortiz Blasco y Petra Mahillo García ; relator: Eduardo Paricio Rallo |
| 260 | |a Barcelona : |b Fundación Democracia y Gobierno Local ; |b Diputació Barcelona, |c 2010 | ||
| 300 | |a 286 pàgines ; |c 25 cm | ||
| 500 | |a Recull de les ponències del "Seminario sobre Responsabilidad Penal y Administraciones Locales", organitzat per la Fundación Democracia y Gobierno Local | ||
| 504 | |a Referències bibliogràfiques | ||
| 650 | 0 | |a Administració pública |x Espanya |x Congressos |2 Arxiu |9 28344 | |
| 650 | 0 | |a Responsabilitat penal |z Espanya |2 lemac |9 53984 |v Congressos | |
| 651 | 7 | |a Espanya |2 thub |9 51008 | |
| 700 | 1 | |a Ortiz Blasco, Joaquín José |9 53983 |e editor literari | |
| 700 | |a Mahillo García, Petra |9 16696 |e editor literari | ||
| 700 | |a Paricio Rallo, Eduardo |9 53985 |e autor | ||
| 710 | 1 | |a Barcelona (Catalunya : Província). |b Diputació |e entitat editora |9 52408 | |
| 710 | 2 | |a Fundació Democràcia i Govern Local |9 52936 |e entitat editora | |
| 908 | |a ICAB |a UdL |a UdG |a URV |a BCNexplor@ |a GCVPDT |a UPF |a UB |a BC |a UAB |a GCINT |a EAPC |a GEPA |a GCDAC | ||
| 940 | |a BC | ||
| 942 | |2 udc |c ARXIU |n 1 | ||
| 952 | |0 0 |1 0 |4 0 |6 BIB844 |7 1 |9 62854 |a Arxiu |b Arxiu |d 2022-07-22 |l 0 |o Bib-844 |p 26317 |r 2022-07-22 00:00:00 |w 2022-07-22 |y ARXIU | ||
| 999 | |c 82321 |d 82321 | ||